Dinosaur detectives / (Record no. 999)
[ view plain ]
| 000 -LEADER | |
|---|---|
| fixed length control field | 00953nam a22002537a 4500 |
| 005 - DATE AND TIME OF LATEST TRANSACTION | |
| control field | 20250213153317.0 |
| 020 ## - INTERNATIONAL STANDARD BOOK NUMBER | |
| International Standard Book Number | 9780439204231 |
| 040 ## - CATALOGING SOURCE | |
| Original cataloging agency | FISKH |
| Language of cataloging | eng |
| Transcribing agency | FISKH |
| Modifying agency | FISKH |
| 050 ## - LIBRARY OF CONGRESS CALL NUMBER | |
| Classification number | 813.54 |
| 082 ## - DEWEY DECIMAL CLASSIFICATION NUMBER | |
| Classification number | QE862.D5 |
| 100 ## - MAIN ENTRY--PERSONAL NAME | |
| Personal name | Stamper, Judith Bauer |
| 245 ## - TITLE STATEMENT | |
| Title | Dinosaur detectives / |
| Statement of responsibility, etc. | written by Judith Bauer Stamper ; illustrations by Ted Enik |
| 260 ## - PUBLICATION, DISTRIBUTION, ETC. | |
| Place of publication, distribution, etc. | New York : |
| Name of publisher, distributor, etc. | Scholastic, |
| Date of publication, distribution, etc. | 2001. |
| 300 ## - PHYSICAL DESCRIPTION | |
| Extent | 84 pages : |
| Other physical details | illustrations, |
| Dimensions | 20 cm. |
| 490 ## - SERIES STATEMENT | |
| Materials specified | The magic school bus science : |
| Series statement | chapter book, |
| Volume/sequential designation | Book 9. |
| 505 ## - FORMATTED CONTENTS NOTE | |
| Formatted contents note | O<br/> |
| 520 ## - SUMMARY, ETC. | |
| Summary, etc. | The Magic School Bus takes Ms. Frizzle and her class on a trip to the Museum of Natural History. During the trip the class travels back to the Mesozoic Era and experiences a first hand Jurassic adventure! |
| 521 ## - TARGET AUDIENCE NOTE | |
| Target audience note | 610 |
| Source | Lexile <br/> |
| 521 ## - TARGET AUDIENCE NOTE | |
| Target audience note | O<br/> |
| Source | Raz-Plus '<br/> |
| 650 ## - SUBJECT ADDED ENTRY--TOPICAL TERM | |
| Topical term or geographic name entry element | Dinosaur |
| Form subdivision | fossils |
| General subdivision | adventure |
| 650 ## - SUBJECT ADDED ENTRY--TOPICAL TERM | |
| Topical term or geographic name entry element | Dinosaur |
| Form subdivision | fossils |
| General subdivision | adventure |
| 942 ## - ADDED ENTRY ELEMENTS (KOHA) | |
| Source of classification or shelving scheme | Dewey Decimal Classification |
| Koha item type | Books |
| Suppress in OPAC | No |
| 999 ## - | |
| -- | 999 |
| -- | 999 |
| Withdrawn status | Lost status | Source of classification or shelving scheme | Damaged status | Not for loan | Collection | Home library | Current library | Shelving location | Date acquired | Total Checkouts | Full call number | Barcode | Date last seen | Price effective from | Koha item type | Date last checked out | Copy number |
|---|---|---|---|---|---|---|---|---|---|---|---|---|---|---|---|---|---|
| Dewey Decimal Classification | Non-Fiction | Footprints International School Library Network Toul Kork Campus | Footprints International School Library Network Toul Kork Campus | TK Primary Library Room(4th Floor), Bookcase 3&4, Shelves 17-32, Yellow Books | 07/18/2023 | STA 813.54 QE862.D5 | FISTK01886 | 07/18/2023 | 07/18/2023 | Books | |||||||
| Dewey Decimal Classification | Non-Fiction | Footprints International School Library Network Toul Kork Campus | Footprints International School Library Network Toul Kork Campus | TTP Primary Yellow Bookshelves | 02/13/2025 | STA 813.54 QE862.D5 | 2025-0544 | 02/13/2025 | 02/13/2025 | Books | 3 | ||||||
| Dewey Decimal Classification | Non-Fiction | Footprints International School Library Network Toul Kork Campus | Footprints International School Library Network Toul Kork Campus | TTP Primary Yellow Bookshelves | 02/13/2025 | STA 813.54 QE862.D5 | 2025-0545 | 02/13/2025 | 02/13/2025 | Books | 4 | ||||||
| Dewey Decimal Classification | Non-Fiction | Footprints International School Library Network Toul Kork Campus | Footprints International School Library Network Toul Tom Poung Campus | TTP Primary Yellow Bookshelves | 02/13/2025 | 1 | STA 813.54 QE862.D5 | 2025-0543 | 09/03/2025 | 02/13/2025 | Books | 08/20/2025 | 2 |
